000 00358nam a2200133Ia 4500
008 150202s9999 xx 000 0 und d
020 _a61030597
050 _aFIC
_bFIC
100 _aScottoline, Lisa.
245 _aMoment of truth /
_cLisa Scottoline.
260 _aNew York :
_bHarperTorch,
_c2000.
300 _a432 pages :
_c18 cm.
650 _aFiction.
999 _c282397
_d282397